00667nam a2200205Ia 45000010006000000050017000060070003000230080041000260400025000670820016000921000023001082450083001312500014002142600039002283000021002676530014002889420012003029520130003149990017004445048020240114005151.0ta090609s1958 g b000 u u aCotton College,Assam a891.43bSHU aShukla, Pyarelal . 0aBhaktikalin Kabya Me Chitrit Nari-Jiban /cPyarelal Shukla.hTextual Documents a1st ed. / aAllahabad :bSahitya Bani ,c1958. a327p. ;c22 cm.. aT/G-Hindi 2ddccBK 001040708Circulation (T/G)aSKBLbSKBLd2012-02-01f00000l0o891.43 SHUp4720/Newr2024-01-14 00:00:00t1w2012-02-01yBK c50445d50445